STUDENTS' GUIDE TO INCOME TAX (Record no. 9223)

MARC details
000 -LEADER
fixed length control field 00581nam a22001577a 4500
003 - CONTROL NUMBER IDENTIFIER
control field SGT
020 ## - INTERNATIONAL STANDARD BOOK NUMBER
International Standard Book Number 9789350716601
082 ## - DEWEY DECIMAL CLASSIFICATION NUMBER
Classification number 336,SIN
100 ## - MAIN ENTRY--PERSONAL NAME
Personal name SINGHANIA,VINOD,K.
245 ## - TITLE STATEMENT
Title STUDENTS' GUIDE TO INCOME TAX
260 ## - PUBLICATION, DISTRIBUTION, ETC. (IMPRINT)
Place of publication, distribution, etc NEW DELHI
Name of publisher, distributor, etc TAXMAN
Year of Publication 2015-16
300 ## - PAGE DESCRIPTION
No. of Pages V.P
650 ## - SUBJECT ADDED ENTRY--TOPICAL TERM
Topical term or geographic name as entry element PUBLIC FINANCE
653 ## - KEYWORDS--INDEX TERM
Keyword term BASIC CONCEPTS THAT ONE MUST KNOW,RESIDENTIAL STATUS AND ITS ON TAX INCIDENCE,INCOME THAT IS EXEMPT FROM TAX,INCOME UNDER THE HEAD "SALARIES" AND ITS COMPUTATION,CLUBBING OF INCOME,HINDU UNDIVIDED FAMILIES,FIRMS AND AOP,RETURN OF INCOME
942 ## - ADDED ENTRY ELEMENTS (KOHA)
Source of classification or shelving scheme Dewey Decimal Classification
Koha item type FCM Books
942 ## - ADDED ENTRY ELEMENTS (KOHA)
-- 9
Holdings
Withdrawn status Lost status Source of classification or shelving scheme Damaged status Not for loan Collection code Home library Current library Shelving location Date acquired Vendor Name Cost, normal purchase price SGTU Bill Number Total Checkouts Total Renewals Full call number Accession No. (Barcode) Date last seen Date last borrowed Bill Date Koha item type
    Dewey Decimal Classification     COMMERCE MANAGEMENT SGT Science & Social Sciences Library SGT Science & Social Sciences Library Text Book 24/06/2016 KRITI PRAKASHAN 495.00 SGTU 2705 23 1 336,SIN CM819 30/12/2024 17/12/2024 14/08/2015 FCM Books
    Dewey Decimal Classification     COMMERCE MANAGEMENT SGT Science & Social Sciences Library SGT Science & Social Sciences Library Text Book 24/06/2016 KRITI PRAKASHAN 495.00 SGTU 2705 16 1 336,SIN CM820 07/01/2025 07/01/2025 14/08/2015 FCM Books
    Dewey Decimal Classification     COMMERCE MANAGEMENT SGT Science & Social Sciences Library SGT Science & Social Sciences Library Text Book 24/06/2016 KRITI PRAKASHAN 495.00 SGTU 2705 14   336,SIN CM821 13/01/2025 28/12/2024 14/08/2015 FCM Books